000 01224na a2200361 4500
001 22236
003 MIRAKIL
005 20181226092842.0
008 170212b tu n0 0 0
035 _a22236
040 _aMilas
_btur
_cTR-AnCHP
041 _atur
090 _aATA 050 DER 137
222 _aYeniden Müdafaa-i Hukuk
245 _aYeniden Müdafaa-i Hukuk
_baylık Kemalist (siyasi) dergi
_c[yayınlayan] Müdafaa-i Hukuk Vakfı
246 _aMüdafaa-i hukuk dergisi
246 _aMüdafaa-i Hukuk aylık Kemalist dergi
246 _aAylık Kemalist dergi
260 _aAnkara
_bUfuk Matbbacılık
_c1997-
300 _ac.
_bres.
_c30 sm.
310 _aAylık
362 _ayıl 3, sayı 34-3 (Haziran 2001)-
500 _aNiteleme sayı yıl 3, sayı 34-3 (Haziran 2001)'e dayalıdır.
600 _aAtatürk, Mustafa Kemal
_cGazi
_d1881-1938
_vSüreli yayınlar
610 _aCHP
_vSüreli yayınlar
650 _aAtatürkçülük
_vSüreli yayınlar
_zTürkiye
651 _aTürkiye
_vSüreli yayınlar
_xSiyasal tarih
_y1918-1960
655 _aDergi
780 _aMüdafaa-i Hukuk
785 _aYeniden Anadolu ve Rumeli Müdafaa-i Hukuk
910 _aDERGİ 137
942 _2ddc
_cSER
999 _c11338
_d11338